Central Library OPAC University of Rajshahi

বঙ্কিমচন্দ্র / (Record no. 65380)

MARC details
000 -LEADER
fixed length control field 00801nam a2200217 a 4500
001 - CONTROL NUMBER
control field 65380
003 - CONTROL NUMBER IDENTIFIER
rucl marc code BD-RjUL
005 - DATE AND TIME OF LATEST TRANSACTION
control field 20211209081423.0
008 - FIXED-LENGTH DATA ELEMENTS--GENERAL INFORMATION
fixed length control field 170305s1965 ii ||||| |||| 00| 0 ben d
035 ## - SYSTEM CONTROL NUMBER
System control number (BD-RjUL) 65510
040 ## - CATALOGING SOURCE
Original cataloging agency BD-RjUL
Language of cataloging ben
Transcribing agency BD-RjUL
041 ## - LANGUAGE CODE
Language code of text/sound track or separate title ben
082 ## - DEWEY DECIMAL CLASSIFICATION NUMBER
Edition number 23
Classification number 891.44092
Author mark and year BAB 1965
100 1# - MAIN ENTRY--PERSONAL NAME
Personal name বাগচি, মণি
9 (RLIN) 189011
245 01 - TITLE STATEMENT
Title বঙ্কিমচন্দ্র /
Statement of responsibility, etc. মণি বাগচি
260 ## - PUBLICATION, DISTRIBUTION, ETC. (IMPRINT)
Place of publication, distribution, etc. কলকাতা :
Name of publisher, distributor, etc. জিজ্ঞাসা,
Date of publication, distribution, etc. ১৯৬৫.
300 ## - PHYSICAL DESCRIPTION
Pagination ২২৬ পৃ. ;
Size ২০ সেমি.
600 ## - SUBJECT ADDED ENTRY--PERSONAL NAME
Personal name চট্টোপাধ্যায়, বঙ্কিম চন্দ্র,
Dates associated with a name ১৮৩৮-১৮৯৪
Personal name Chattopadhyay, Bankim Chandra,
Dates associated with a name 1838-1894
942 ## - ADDED ENTRY ELEMENTS (KOHA)
Source of classification or shelving scheme Dewey Decimal Classification
Koha item type Books
Holdings
Lost status Source of classification or shelving scheme Damaged status Not for loan Collection code Permanent Location Current Location Shelving location Date acquired Source of acquisition Total Checkouts Full call number Date last seen Copy number Koha item type
  Dewey Decimal Classification   Not For Loan Non-fiction Central Library, University of Rajshahi Central Library, University of Rajshahi Reading Room 18/08/1973 Indian Govt.   B 891.44092 BAB 1965 05/03/2017 C-1 Books